LEADER 01137nam0-22004091i-450- 001 990000680410403321 005 20110203165400.0 010 $z88-220-3353-X 035 $a000068041 035 $aFED01000068041 035 $a(Aleph)000068041FED01 035 $a000068041 100 $a20020821d1982----km-y0itay50------ba 101 0 $aita 102 $aIT 105 $ay-------001yy 200 1 $aHermann Finsterlin$edal gioco di stile all'architettura marsupiale$fGiacomo Ricci 210 $aBari$cEdizioni Dedalo$d1982 215 $a58 p., [79] c. di tav.$d18 cm 225 1 $aUniversale di architettura$v53 610 0 $aArchitettura tedesca 610 0 $aFinsterlin, Hermann 676 $a720.943 700 1$aRicci,$bGiacomo$010376 801 0$aIT$bUNINA$gRICA$2UNIMARC 901 $aBK 912 $a990000680410403321 952 $a01 DA 5127$b05233$fDINST 952 $a521050$fDCATA 952 $a10.208$b7544$fDARST 952 $a30.1185$bs.i.$fDARST 952 $a30.1187$b9234$fDARST 959 $aDINST 959 $aDCATA 959 $aDARST 996 $aHermann Finsterlin$9325605 997 $aUNINA LEADER 01042nam--2200349---450- 001 990002242400203316 005 20091020120150.0 035 $a000224240 035 $aUSA01000224240 035 $a(ALEPH)000224240USA01 035 $a000224240 100 $a20041206d1969----km-y0itay0103----ba 101 0 $aeng 102 $aUS 105 $a||||||||001yy 200 1 $a<> administration of interstate compacts$fby Richard H. Leach and Redding S. Sugg 210 $aNew York$cGreenwood Press$d1969 215 $aVII, 256 p.$d22 cm 410 0$12001 454 1$12001 461 1$1001-------$12001 700 1$aLEACH,$bRichard H.$0237366 701 1$aSUGG,$bRedding S.$0569878 801 0$aIT$bsalbc$gISBD 912 $a990002242400203316 951 $a354.73 LEA 1 (IG VIII 10 531)$b8413 G.$cIG VIII 10$d00250942 959 $aBK 969 $aECO 979 $aSIAV4$b10$c20041206$lUSA01$h1500 979 $aRSIAV4$b90$c20091020$lUSA01$h1201 996 $aAdministration of interstate compacts$91034397 997 $aUNISA